LEGO Ninjago: Serpentine Minifigures by Picture - Statistics

General Stats
  • This quiz has been taken 15 times
  • The average score is 25 of 32
Answer Stats
Picture Answer % Correct
Fangtom
100%
Machia
100%
Mezmo
100%
Pythor
100%
Skales
100%
Acidicus
92%
Clancee
92%
Fangdam
92%
Lasha
92%
Skalidor
92%
Aspheera
83%
Bytar
83%
Chokun
83%
Raggmunk
83%
Rattla
83%
Slithraa
83%
Snappa
83%
Spitta
83%
Blunck
75%
Char
75%
Chop'rai
75%
Fang-Suei
75%
Frak
75%
Kapau'rai
75%
Lizaru
75%
Snike
75%
Eyezor'rai
67%
Zoltar
50%
Vermin
42%
Slackjaw
33%
Rivett
25%
Tannin
25%
No matching quizzes found
Score Distribution
Percent of People with Each Score
Percentile by Number Answered
Your Score History
You have not taken this quiz